Las finanzas publicas y el desarrollo económico de Guatemala / (Registro nro. 12676)

Detalles MARC
000 -LEADER
fixed length control field 01490nam a2200277Ia 4500
003 - CONTROL NUMBER IDENTIFIER
control field OSt
005 - DATE AND TIME OF LATEST TRANSACTION
control field 20211110140535.0
008 - FIXED-LENGTH DATA ELEMENTS--GENERAL INFORMATION
fixed length control field 210310s1952 mx gr 000 0 spa d
040 ## - CATALOGING SOURCE
Original cataloging agency CO-JMCR
Transcribing agency CO-JMCR
041 1# - LANGUAGE CODE
Language code of text/sound track or separate title spa
Language code of original eng
082 04 - DEWEY DECIMAL CLASSIFICATION NUMBER
Classification number 336.7281 /
Item number A237f
Edition number 23
100 1# - MAIN ENTRY--PERSONAL NAME
Personal name Alder, John H.,
Relator term autor
9 (RLIN) 28907
245 14 - TITLE STATEMENT
Title Las finanzas publicas y el desarrollo económico de Guatemala /
Statement of responsibility, etc. John H. Alder, Eugene R. Schlesinger y Ernest C. Olson ; traducción de Carlos A. D´Ascoli
250 ## - EDITION STATEMENT
Edition statement Primera edición
260 ## - PUBLICATION, DISTRIBUTION, ETC.
Place of publication, distribution, etc. México :
Name of publisher, distributor, etc. Fondo de Cultura Económica,
Date of publication, distribution, etc. 1952.
300 ## - PHYSICAL DESCRIPTION
Extent 338 páginas ;
Dimensions 21 cm.
501 ## - WITH NOTE
With note Con: notas a pie de página.
505 0# - FORMATTED CONTENTS NOTE
Formatted contents note Resumen y operaciones generales. -- La estructura de la económica guatemalteca. -- Ingresos públicos. -- Gastos públicos y deuda pública. -- Repercusión del sistema fiscal sobre los negocios. El sistema fiscal y las rentas individuales y familiares. -- El estado y el presupuesto. -- Fluctuación de los ingresos y de los gastos públicos. -- El sistema fiscal y la renta nacional. -- Las operaciones fiscales y el sistema monetario. -- El sistema fiscal y el desarrollo económico.
650 14 - SUBJECT ADDED ENTRY--TOPICAL TERM
Topical term or geographic name entry element Economía
Geographic subdivision Guatemala
9 (RLIN) 41474
650 24 - SUBJECT ADDED ENTRY--TOPICAL TERM
Topical term or geographic name entry element Renta nacional
Geographic subdivision Guatemala
9 (RLIN) 41475
650 24 - SUBJECT ADDED ENTRY--TOPICAL TERM
Topical term or geographic name entry element Gobierno nacional
Geographic subdivision Guatemala
9 (RLIN) 41476
700 1# - ADDED ENTRY--PERSONAL NAME
Personal name Schlesinger, Eugene R.,
Relator term autor
9 (RLIN) 41477
700 1# - ADDED ENTRY--PERSONAL NAME
Personal name Olson, Ernest C.,
Relator term autor
9 (RLIN) 41478
700 1# - ADDED ENTRY--PERSONAL NAME
Personal name D´Ascoli, Carlos A.,
Relator term traductor
9 (RLIN) 41479
942 ## - ADDED ENTRY ELEMENTS (KOHA)
Source of classification or shelving scheme Dewey Decimal Classification
Koha item type Books
Existencias
Withdrawn status Lost status Source of classification or shelving scheme Damaged status Not for loan Home library Current library Shelving location Date acquired Source of acquisition Full call number Barcode Date last seen Copy number Price effective from Koha item type
    Dewey Decimal Classification     Biblioteca Pública José María del Castillo y Rada Biblioteca Pública José María del Castillo y Rada General Stacks 04/15/2018 Donación 336.7281 / A237f 430004690 05/16/2024 Ej.1 03/10/2021 Books